Impdiments to rural technology (Record no. 348659)

000 -LEADER
fixed length control field 00410cam a22001337a 4500
008 - FIXED-LENGTH DATA ELEMENTS--GENERAL INFORMATION
fixed length control field 180718b1986 xxu||||| |||| 00| 0 eng d
082 ## - DEWEY DECIMAL CLASSIFICATION NUMBER
Classification number Z7x54 M294
100 ## - MAIN ENTRY--PERSONAL NAME
Personal name Malgavkar, P.D.
245 ## - TITLE STATEMENT
Title Impdiments to rural technology
Statement of responsibility, etc. by P.D. Malgavkar and V.A. Pai Panandiker
260 ## - PUBLICATION, DISTRIBUTION, ETC.
Place of publication, distribution, etc. Delhi
Name of publisher, distributor, etc. Oxford & IBH
Date of publication, distribution, etc. 1986
300 ## - PHYSICAL DESCRIPTION
Extent 155p.
650 ## - SUBJECT ADDED ENTRY--TOPICAL TERM
Topical term or geographic name entry element Agriculture and technology - India
700 ## - ADDED ENTRY--PERSONAL NAME
Personal name Panandiker, V.A. Pai
Holdings
Withdrawn status Lost status Damaged status Not for loan Permanent Location Current Location Date acquired Full call number Barcode Date last seen Price effective from Koha item type
        Indian Institute of Public Administration Indian Institute of Public Administration 1993-10-26 Z7x54 M294 61576 2018-07-21 2018-07-21 Book

Powered by Koha